|
|
|
|
| LEADER |
00714nam a22001932a 4500 |
| 001 |
000412584 |
| 003 |
CZ BrMZK |
| 005 |
20050111124101.0 |
| 008 |
990307s1826 au f cze d |
| 040 |
|
|
|a BOA001
|b cze
|
| 100 |
1 |
|
|a Veselý, Jan,
|d 1813-1889
|7 jk01142147
|
| 245 |
1 |
0 |
|a Bůh má gediná nadege a me gediné autočisste :
|b modljcy knižka pro odrostlau oswjcenau katolickau mládež a pro dospělé katolické křestiany /
|c od Iana Weselého.
|
| 260 |
|
|
|a Wjden :
|b Haikul,
|c 1826
|
| 300 |
|
|
|a 234 s.
|
| 910 |
|
|
|a BOA001
|b PK-A-0001.116
|
| 964 |
|
|
|a Modlitby katolické - sbírky
|
| 990 |
|
|
|a BK
|
| 993 |
|
|
|a Y
|
| 996 |
6 |
|
|b 3119820583
|c PK-A-0001.116
|l MZK
|r Sklad / do 1 hodiny
|n 0
|w 000412584
|u 000010
|a 1
|e BOA001
|j MZK50
|s P
|